| 000 | 005020000a22001930004500 | ||
|---|---|---|---|
| 001 | 002687 | ||
| 003 | MACL | ||
| 005 | 20150709142651.0 | ||
| 008 | 150709b xxu||||| |||| 00| 0 eng d | ||
| 040 |
_aMACL _cMACL |
||
| 041 | _aEnglish | ||
| 082 | _a320/GAU | ||
| 100 |
_aGauhar, G.N. _91536 |
||
| 245 |
_aHazra Tbal _bThe Central Stage of Kashmir Politics _cG.N. Gauhar |
||
| 260 |
_aNew Delhi _c1998 _bVirgo Publications, |
||
| 350 | _a450 | ||
| 650 |
_aPolitical Science _988 |
||
| 942 |
_k320 _cBK _2ddc |
||
| 999 |
_c14596 _d14596 |
||